00499nam a2200193Ia 450000500170000000800410001702000260005804000190008404100120010308200150011510000170013024500510014726000370019830000130023544000090024850400190025765000190027685000100029520220718135435.0131103s9999 xx 000 0 und d a8131600831cRs.650.00 aLoreto College aEnglish a305.5bSHA aSharma, K.L. aIndian social structure and changecK.L.Sharma aJaipurbRawat Publicationsc2008 axii,376p a22cm aIncludes index aSocial classes aLCLIB